La batalla por el petróleo y el gas en América Latina /
Cuatro especialistas en el tema describen el proceso que cada una de las naciones, que tienen recursos petroleros, ha pugnado por la defensa de los mismos. Se describen las luchas que países como México, Bolivia, Perú y Brasil has realizado en sus respectivos países ante la demanda de petróleo y gas...
Αποθηκεύτηκε σε:
| Κύριος συγγραφέας: | |
|---|---|
| Άλλοι συγγραφείς: | |
| Μορφή: | Βιβλίο |
| Γλώσσα: | Ισπανικά |
| Θέματα: | |
| Ετικέτες: |
Δεν υπάρχουν, Καταχωρήστε ετικέτα πρώτοι!
|
MARC
| LEADER | 00000nam^a2200000^a^4500 | ||
|---|---|---|---|
| 001 | 000292593 | ||
| 005 | 20250521000000.0 | ||
| 009 | 20260526135032.781 | ||
| 037 | |a Acervo ITESO - Biblioteca | ||
| 041 | |a ESP | ||
| 082 | |a 338. 27280980 |b VEL | ||
| 100 | |a Velasco Oliva, Cuauhtémoc |e (coord.) | ||
| 245 | 1 | 3 | |a La batalla por el petróleo y el gas en América Latina / |c Coord. de C. Velasco Oliva ; pról. de M. Ebrard Casaubon. |
| 264 | |a México : |b Energía y Desarrollo, |c 2009 | ||
| 300 | |a 231 p. | ||
| 336 | |a texto |b txt |2 rdacontenido | ||
| 337 | |a sin mediación |b n |2 rdamedio | ||
| 338 | |a volumen |b nc |2 rdasoporte | ||
| 520 | |a Cuatro especialistas en el tema describen el proceso que cada una de las naciones, que tienen recursos petroleros, ha pugnado por la defensa de los mismos. Se describen las luchas que países como México, Bolivia, Perú y Brasil has realizado en sus respectivos países ante la demanda de petróleo y gas natural. | ||
| 649 | |a XX | ||
| 650 | |a Petróleo - |z México - |x Aspectos Económicos | ||
| 650 | |a Petróleo - |z Brasil - |x Aspectos Económicos | ||
| 650 | |a Petróleo - |z Perú - |x Aspectos Económicos | ||
| 650 | |a Petróleo - |z Bolivia - |x Aspectos Económicos | ||
| 650 | |a Petróleo - |z Latinoamérica - |x Aspectos Económicos - |x Tema Principal | ||
| 650 | |a Nacionalización | ||
| 650 | |a Transnacionales | ||
| 650 | |a Política Energética | ||
| 650 | |a Globalización | ||
| 650 | |a Economía - |z Latinoamérica | ||
| 700 | |a Ebrard Casaubon, Marcelo |e (pról.) | ||
| 910 | |a Fondo General | ||
| 920 | |a Impresos - Libros | ||
| 930 | |a Colección General | ||
| 905 | |a 101 | ||
| 901 | |a 0500178847 |b IT1 |c ACC |i 906699 |u 20250521 | ||
| 902 | |a https://opac.biblio.iteso.mx/vufind/Record/000292593 | ||